000 01921cam a2200349 a 4500
001 000006912
003 DO-SdBNP
005 20250307091723.0
008 880412s1986 sp ab b f000 0 spa d
020 _a8450550521
040 _aDO-SdBNP
_bspa
_cBNPHU
_erda
082 _a936.6
_bE82a
_222
100 1 _aCastaño, A. Ana,
_eautor
_4aut.
_984994
245 1 0 _aEstudio de arte paleolítico.
260 _aMadrid, España :
_bMinisterio de Cultura. Dirección General de Bellas Artes y Archivos, Subdirección General de Arqueología y Etnografía,
_c1986.
300 _a270 páginas :
_bilustraciones, mapas ;
_c31 cm.
336 _atexto
_btxt
_2rdacontent
337 _asin mediación
_bn
_2rdamedia
338 _avolumen
_bnc
_2rdacarrier
490 1 _aColección Centro de Investigación y Museo de Altamira
490 1 _aSerie Monografías
_v15
504 _aBibliografía : páginas 264-265.
505 0 _aAspectos ecológicos del arte parietal paleolítico en Cantabria / Ana Castano -- El caballo en el arte rupestre paleolítico / G. Romero -- El modelado interior de los grabados rupestres paleolíticos del Norte de la Península / R. Alonsio Silio -- Prospecciones arqueológicas de la cueva de las Brujas (Suances-Cantabria) / R. González Sainz, E. Muñoz Fernández, C. San Miguel Llamosas -- Los grabados y pinturas de las cuevas de los Emboscados y el Patatal (Matienzo-Cantabria) / Rodrigo de Balbín Behrman, Manuel R. González Morales, Cesar González Sainz.
650 4 _aPeríodo paleolítico
_zEspaña
_919161
650 4 _aArte prehistórico
_zEspaña
_919162
650 4 _aPintura rupestre
_zEspaña
_919163
650 4 _aPetróglifo
_zEspaña
_919164
651 4 _aEspaña
_xAntigüedades
_919165
710 1 _aRepública Dominicana.
_bMinisterio de Cultura
_971794
830 0 _aColección Centro de Investigación y Museo de Altamira,
_pSerie Monografías ;
_v15
_919168
942 _2ddc
_cLBS1
999 _c6697
_d6697